Història de l'Institut d'Estudis Catalans / Albert Balcells, Enric Pujol
ISBN:
978-84-7283-656-8
Descripción Física:
2 v. : il. ; 24 cm
Materias:
Institut d'Estudis Catalans -- Història
MARC
| LEADER | 00000nam a2200000Ia 4500 | ||
|---|---|---|---|
| 001 | 14837, 18598 | ||
| 008 | 160829s2002 - 2007 xx 000 0 cat d | ||
| 020 | |a 978-84-7283-656-8 (o.c.) | ||
| 080 | |a H-2-203, H-3-8 | ||
| 100 | |a Balcells, Albert |9 31713 | ||
| 245 | |a Història de l'Institut d'Estudis Catalans / Albert Balcells, Enric Pujol | ||
| 260 | |a Barcelona : |b Institut d'Estudis Catalans : |b Afers, |c 2002 - 2007 | ||
| 300 | |a 2 v. : |b il. ; |c 24 cm | ||
| 490 | |a Memòries de la Secció Històrico-Arqueològica ; 57, 72 | ||
| 590 | |a Conté: v. 1: 1907-1942; v. 2: de 1942 als tems precents. | ||
| 590 | |a Bibliografia. | ||
| 590 | |a Índex. | ||
| 590 | |a S'ha utilitzat el fons de l'Arxiu General de la Diputació de Barcelona | ||
| 610 | 2 | 0 | |a Institut d'Estudis Catalans |x Història |9 54426 |
| 700 | 1 | |a Pujol, Enric, |d 1960- |9 35250 | |
| 700 | |a Izquierdo Ballester, Santiago |9 33221 | ||
| 866 | |a 1, 2 | ||
| 901 | |a Arxiu | ||
| 942 | |n 1 | ||
| 952 | |0 0 |1 0 |4 0 |6 H2203_H38 |7 1 |9 52378 |a Arxiu |b Arxiu |d 2016-12-01 |l 0 |o H-2-203, H-3-8 |p 14837, 18598 |r 2016-12-01 00:00:00 |w 2016-12-01 |y ARXIU | ||
| 999 | |c 56226 |d 56226 | ||